Score 0/14 Timer 03:00
4 Plays Today
Scrambled Element Unscrambled Element % Correct
DGLOGold
97.6%
INORIron
96.1%
ADELLead
95.9%
ENNONeon
93.2%
ENNOXXenon
88.2%
ABCNORCarbon
71%
Bonus Element from 1st LettersOxygen
48.8%
Scrambled Element Unscrambled Element % Correct
IMMOSUOsmium
42.9%
IMRTTUYYttrium
41.6%
KNOPRTYKrypton
41.4%
Bonus Element from 1st LettersNickel
37.3%
BEIMRUErbium
34.3%
EGINNORTNitrogen
31.4%
EIMOPRUUEuropium
24.8%
Remove Ads.
Support Sporcle.
Get the best of Sporcle when you Go Orange. This ad-free experience offers more features, more stats, and more fun while also helping to support Sporcle. Thank you for becoming a member.

You're not logged in!

Compare scores with friends on all Sporcle quizzes.
OR
Log In

Show Comments

Extras

Top Quizzes Today


Score Distribution

Your Account Isn't Verified!

In order to create a playlist on Sporcle, you need to verify the email address you used during registration. Go to your Sporcle Settings to finish the process.

Report this User

Report this user for behavior that violates our Community Guidelines.

Details: